| 000 | 00452nam a2200157Ia 4500 | ||
|---|---|---|---|
| 008 | 210716s2007 xx 000 0 und d | ||
| 020 | _a9780230555303 | ||
| 041 | _aeng | ||
| 082 | _a338.04 BRIS | ||
| 100 | _aBridge, Simon;O Neill, Ken; Cromie; Stan. | ||
| 245 | _aUnderstanding enterprise entrepreneurship and small business. | ||
| 250 | _a2 | ||
| 260 |
_aNew York _bPalgrave macmillan _c2007 |
||
| 300 | _axxiii,520 | ||
| 650 | _aEntrepreneurship | ||
| 999 |
_c205973 _d205973 |
||